000
00327nam a2200145Ia 4500
008
230718s9999 xx 000 0 und d
041
_a
Eng.
082
_a
780
_b
OWN-C
100
_a
ownes. Dauid
245
0
_a
Cerys Catatnia
260
_a
Pakistan
_b
Defoed anally fears
_c
2000
300
_a
267
650
_a
Law
999
_c
26808
_d
26808